Loading...
| Fine Arts - Visual Fine Arts | 1 | 3 | 0 | 0 | 45 | 42 | 115.50 | 4 | 4 |
| History - American History | 1 | 1 | 0 | 0 | 25 | 38 | 66.50 | 2 | 2 |
| History - European History | 1 | 1 | 0 | 0 | 25 | 32 | 76.50 | 2 | 2 |
| History - World History | 1 | 1 | 0 | 0 | 25 | 62 | 74.50 | 1 | 2 |
| Religion | 0 | 2 | 0 | 1 | 20 | 144 | 146.00 | 1 | 2 |
| Geography | 1 | 1 | 1 | 0 | 20 | 57 | 87.50 | 1 | 2 |
| Philosophy | 0 | 2 | 0 | 0 | 20 | 103 | 114.00 | 0 | 2 |
| Fine Arts - Auditory Fine Arts | 0 | 1 | 0 | 1 | 10 | 146 | 146.00 | 0 | 1 |
| Literature - British Literature | 0 | 1 | 0 | 0 | 10 | 119 | 119.00 | 0 | 1 |
| Literature - World Literature | 0 | 1 | 0 | 0 | 10 | 91 | 91.00 | 1 | 1 |
| Science - Biology | 0 | 1 | 0 | 0 | 10 | 88 | 88.00 | 0 | 1 |
| Science - Physics | 0 | 1 | 0 | 0 | 10 | 135 | 135.00 | 1 | 1 |
| History - Ancient History | 0 | 1 | 1 | 0 | 5 | 88 | 88.00 | 1 | 1 |
| Social Science | 0 | 1 | 1 | 0 | 5 | 131 | 131.00 | 0 | 1 |
| Literature - European Literature | 0 | 1 | 1 | 0 | 5 | 155 | 155.00 | 0 | 1 |
| Literature - American Literature | 0 | 1 | 1 | 0 | 5 | 143 | 143.00 | 0 | 1 |
| Science - Chemistry | 0 | 0 | 0 | 0 | 0 | 0.00 | 0 | 0 |